Geneve

Saved in:
Bibliographic Details
Format: Book
Language:Undetermined
Published: Switzerland Benteli Verlag Bern 1972
Subjects:
Tags: Add Tag
No Tags, Be the first to tag this record!
Institutions: Trung tâm Học liệu Trường Đại học Cần Thơ
LEADER 00430nam a2200169Ia 4500
001 CTU_83972
008 210402s9999 xx 000 0 und d
082 |a 914.85 
082 |b G328 
245 0 |a Geneve 
260 |a Switzerland 
260 |b Benteli Verlag Bern 
260 |c 1972 
650 |a Gevena (Switzerland) 
904 |i QHieu (sửa) 
910 |i Mai Loan 
980 |a Trung tâm Học liệu Trường Đại học Cần Thơ